Υδάτινοι πόροι στη Λέσβο : σενάρια μελλοντικές διαθεσιμότητας και κόστος επίτευξης ασφαλών ποσοτικών ορίων : διπλωματική εργασία

Saved in:
Bibliographic Details
Main Author: Μήτσαινας, Κωνσταντίνος
Corporate Author: Πανεπιστήμιο Αιγαίου. Σχολή Περιβάλλοντος. Τμήμα Περιβάλλοντος
Other Authors: Ψωμάς, Ιγνάτιος
Format: Thesis Book
Language:Greek
Published: 2011.
Subjects:
Online Access:http://hdl.handle.net/11610/9825
Tags: Add Tag
No Tags, Be the first to tag this record!

MARC

LEADER 00000cam a2200000 i 4500
001 1/18768
008 120402s2011 gre d
035 |l 10112186 
040 |a GR-MY-UA  |b gre  |e aacr 
041 0 |a gre 
082 0 |a 333.91  |2 (22) 
100 1 |a Μήτσαινας, Κωνσταντίνος. 
245 1 0 |a Υδάτινοι πόροι στη Λέσβο :   |b σενάρια μελλοντικές διαθεσιμότητας και κόστος επίτευξης ασφαλών ποσοτικών ορίων : διπλωματική εργασία /   |c Μήτσαινας Κωνσταντίνος, Ψώμας Ιγνάτιος ; επιβλέποντας καθηγητής: Σκούρτος Μιχάλης.  
260 |c 2011.  
300 |a 76 σ. :   |b πιν. ;   |c 30 εκ.  
502 |a Πτυχιακή εργασία - Πανεπιστήμιο Αιγαίου, Λέσβος, 2011. 
504 |a Βιβλιογραφία: σ. 74-76.  
650 0 0 |a Water resources development  |z Greece  |z Lesbos (Municipality) 
650 0 0 |a Water quality management  |z Greece  |z Lesbos (Municipality) 
650 0 0 |a Dissertations, Academic  |z Greece. 
700 1 |a Ψωμάς, Ιγνάτιος. 
700 1 |a Σκούρτος, Μιχάλης Σ.  |e dgs 
710 2 |a Πανεπιστήμιο Αιγαίου.   |b Σχολή Περιβάλλοντος.   |b Τμήμα Περιβάλλοντος. 
852 |a INST  |b LESVOS  |c DIATR  |e 20120402  |h 1367  |p 005100050529  |q 005100050529  |t DIE  |y 23 
852 |a INST  |b LESVOS  |c DIATR  |e 20120402  |h 1368  |p 005100050528  |q 005100050528  |t DIE  |y 23 
856 |u http://hdl.handle.net/11610/9825 
901 |a BIBL1-2012-1 
909 |a Λ  |b 174825 
909 |a Λ  |b 174826 
924 |a ΜΗΤΣΙΝΑΣ  |b ΚΩΝΣΤΑΝΤΙΝΟΣ  |y ΛΕΣΒΟΣ  |z 2011-12 
924 |a ΨΩΜΑΣ  |b ΙΓΝΑΤΙΟΣ  |y ΛΕΣΒΟΣ  |z 2011-12 
970 |a ΤΖΑΦΕΡΗ  |b ΕΥΑΓΓΕΛΙΑ  |z 2012/04/02